000 00307nam a2200121Ia 4500
008 191201s2009 xx 000 0 und d
100 _aGoyal, Manish
245 0 _aComputer Based numerical & Statistics
260 _c2009
_bLaxmi Publications
_aN.Delhi
300 _a588
650 _aMCA
942 _2ddc
_cBB
_01
999 _c7463
_d7463